Racconti di ragazzi /

Saved in:
Bibliografiske detaljer
Hovedforfatter: Pellegrini, Floriano (Author)
Andre forfattere: Murer, Franco
Format: Bog
Sprog:italiensk
Udgivet: Belluno : Nuovi sentieri, stampa 1988
Tags: Tilføj Tag
Ingen Tags, Vær først til at tagge denne postø!

MARC

LEADER 00000nam a22000007i 4500
001 IT\ICCU\VIA\0043803
003 ItRI
005 20260115232250.0
008 940711s1988 it |||||| ||||| |||||c
040 |b ita  |c importazione bologna sebina 
041 7 |a ita  |2 ISO-639-2 
100 1 |a Pellegrini, Floriano  |0 IT\ICCU\CFIV\076036  |4 aut 
245 1 0 |a Racconti di ragazzi /  |c Floriano Pellegrini ; disegni originali di Franco Murer. 
260 |a Belluno :  |b Nuovi sentieri,  |c stampa 1988 
300 |a 65 p. :  |b ill. ;  |c 24 cm. 
700 1 |a Murer, Franco  |0 IT\ICCU\CFIV\053758 
942 |2 ddc  |c BK  |n 0 
952 |0 0  |1 0  |4 0  |6 DOC_853_914000000000000_PEL  |7 0  |9 23257  |a BO  |b BO  |d 2026-01-15  |i 3915  |l 0  |o DOC 853.914 PEL  |p BO3915  |r 2026-01-15 23:22:50  |w 2026-01-15  |x [Sebina 5] [1 v.]  |y BK  |z 1 v. 
999 |c 19832  |d 19832